000 00438 a2200169 4500
001 002386
003 OSt
005 20220125112301.0
008
082 _a515.353
_bK51P
100 1 _aKevorkian, J.
245 1 _aPartial differential equations
_cby J. Kevorkian
260 _aNew York
_bSpringer
_c2009
300 _a636p.
653 _aDifferential equations, Partial; Mathematics
942 _2ddc
_cBK
999 _c81
_d81